000 00637nam a2200205 a 4500
001 000003761
005 20200929150547.0
008 910918s1986 sp 000 1 cat d
020 _a8474102855
040 _aDO-SdBNP
_bspa
_cBNPHU
082 _a849.954
_bM966d
100 1 _aMunné-Jordà, A.,
_d1948-
_911450
245 1 0 _aDemà serà un altre dia /
_cA. Munne-Jorda.
260 _aBarcelona :
_bEdicions de la Magrana,
_c1986.
300 _a62 p. ;
_c20 cm.
490 0 _aLes Ales esteses ;
_v36
650 4 _aLiteratura catalana
_ySIGLO XX.
_911451
650 4 _aNovela catalana
_ySIGLO XX.
_911452
910 _aJornada de catalogación
999 _c3583
_d3583